000 00817nam a2200217Ia 4500
003 GCL
008 140319s9999 xx 000 0 ara d
040 _aGCL /
_cGCL
082 0 4 _a346.04
_bت ا
100 1 _aتوفيق حسن فرج
245 1 0 _aالاسترداد للضرورة العائلية فى قانون الاتحاد اللبنانى دراسة تحليلية للقضاء فى ظل قوانين الايجارات /
_cتوفيق حسن فرج
260 _a[S.N] :
_bجامعة بيروت العربية ،
_c1975
300 _a86 ص
490 _aجامعة بيروت العربية
_v0
650 0 4 _aالايجارات
650 0 4 _aلبنان
650 0 4 _aقانون الملكية
650 0 4 _aالملكية العامة
650 0 4 _aقانون الايجارات
942 _2ddc
_cBK
999 _c36681
_d36681